书目信息 |
| 题名: |
微生物检验技术
|
|
| 作者: | 郭积燕 | |
| 分册: | ||
| 出版信息: | 北京 人民卫生出版社 2008 |
|
| 页数: | 349 | |
| 开本: | 26cm | |
| 丛书名: | ||
| 单 册: | ||
| 中图分类: | R446.5 | |
| 科图分类: | ||
| 主题词: | 诊断学 | |
| 电子资源: | ||
| ISBN: | 978-7-117-09544-0 | |
| 000 | 00520nam0 2200181 450 | |
| 001 | 1735846483 | |
| 005 | 20170410095726.48 | |
| 010 | @a978-7-117-09544-0 | |
| 100 | @a20170410d km y0chiy0120 ea | |
| 101 | 0 | @achi |
| 200 | 1 | @a微生物检验技术@Awei sheng wu jian yan ji shu@f郭积燕@Fguo ji yan |
| 210 | @a北京@c人民卫生出版社@d2008 | |
| 215 | @a349@d26cm | |
| 606 | 0 | @a诊断学 |
| 690 | @aR446.5@v4 | |
| 701 | 0 | @a郭积燕@Aguo ji yan |
| 801 | 0 | @aCN@b大连网信软件有限公司图书馆·11@c20170410 |
| 905 | @b6604021@dR446.5@en7@f1 | |
| 微生物检验技术/郭积燕.-北京:人民卫生出版社,2008 |
| 349;26cm |
| ISBN 978-7-117-09544-0: |
| ● |
| 相关链接 |
|
|
|
|
正题名:微生物检验技术
索取号:R446.5/n7
 
预约/预借
| 序号 | 登录号 | 条形码 | 馆藏地/架位号 | 状态 | 备注 |
| 1 | 6604021 | 266040214 | 密集书库-生命科学系/ [索取号:R446.5/n7] | 在馆 |